Riadenie úverového rizika v podniku diplomová práca

Saved in:
Bibliographic Details
Main Author: Mitník, Ján
Corporate Author: Podnikovohospodárska fakulta EU so sídlom v Košiciach. Katedra kvantitatívnych metód
Other Authors: Verner, Robert, 1986-
Format: Book
Language:Slovak
Published: Košice 2024
Tags: Add Tag
No Tags, Be the first to tag this record!

MARC

LEADER 00000nbm a2200000 4500
001 0309111
005 20260211084719.5
041 0 |a slo 
044 |a SK 
245 1 0 |a Riadenie úverového rizika v podniku  |b diplomová práca  |c Ján Mitník ; školiteľ: Robert Verner 
264 1 |a Košice  |c 2024 
300 |a 80 s. 
100 1 |a Mitník, Ján 
700 1 |a Verner, Robert, 1986- 
710 2 |a Podnikovohospodárska fakulta EU so sídlom v Košiciach. Katedra kvantitatívnych metód